|
|
|
|
| LEADER |
00817nam a22002177a 4500 |
| 001 |
AAL7286 |
| 003 |
BD-DhAAL |
| 005 |
20171010114008.0 |
| 008 |
171010b20042008B ||||| |||| 00| 0 eng d |
| 999 |
|
|
|c 38416
|d 38416
|
| 040 |
|
|
|a BD-DhAAL
|c BD-DhAAL
|
| 082 |
|
|
|a 820/.9/032
|
| 100 |
|
|
|a Blake, William
|9 22436
|
| 245 |
|
|
|a A study guide to romantic literature
|c William Blake
|
| 260 |
|
|
|a Dhaka :
|b Friends' Book Corner,
|c 2008
|
| 300 |
|
|
|a 240 p. ;
|c 22 cm.
|
| 541 |
|
|
|e 7286
|
| 650 |
|
|
|2 English literature
|x History and criticism
|y 19th century
|9 22437
|
| 852 |
|
|
|a Savar Campus Library
|c General Shelf
|
| 942 |
|
|
|2 ddc
|c BK
|
| 952 |
|
|
|0 0
|1 0
|2 ddc
|4 0
|6 820_000000000000000__9_032_BLA
|7 0
|9 61535
|a SCL
|b SCL
|c GEN
|d 2017-10-10
|e Friends' Book Corner
|g 120.00
|l 2
|m 1
|o 820.9032 BLA
|p 3020007286
|r 2018-09-30
|s 2018-09-25
|t 1
|w 2017-10-10
|y BK
|